Statistics for Hip Hop Quiz

Click here to take the quiz!

General Stats

  • This quiz has been taken 336 times
  • The average score is 4 of 11

Answer Stats

HintAnswer% Correct
This group consisted of Legendary Rappers Ice cube, Dr.Dre, DJ Yella, MC Ren and Eazy-EN.W.A
95%
This song has a part where Eminem croons 97 words in 15 secondsRap God
76%
Which famous rapper is the founder of Beats Audio, LLC ?Dr.Dre
62%
Which famous Rapper is the father of Blue Ivy.Jay-Z
55%
Which famous legendary rapper has achieved ten number-one albums on the Billboard 200 ?Eminem
39%
Which Rapper features in R&B singer Justin Beiber's lead single from the album My World 2.0Ludacris
39%
Which famous song is the last single of 2pac from his last album The Don Killuminati: The 7 Day Theory?Hail Mary
21%
Armando Christian Pérez is now better known as?Pitbull
18%
Which famous Rapper passed Elvis Presley as the male with the most entries on the Billboard Hot 100 chart with 109 songsLil Wayne
14%
Which famous rapper's real name is Curtis James Jackson III ?50 Cents
12%
Marko Vuoriheimo or Signmark is a Finnish Rap Artist. But what is his speciality ?he is deaf
2%

Score Distribution

Percentile by Number Answered

Percent of People with Each Score

Your Score History

You have not taken this quiz